[Event "4NCL Online Division 6"]
[Site "online"]
[Date "2021.04.06"]
[EventDate "2021.04.06"]
[Round "6.154"]
[White "Amos, Michael"]
[WhiteElo "1400"]
[WhiteTeam "Farnham B"]
[Black "Steiners, Emils"]
[BlackElo "1613"]
[BlackTeam "Battersea Juniors"]
[Result "1-0"]
[PlyCount "49"]

1. d4 d5 2. c4 e6 3. Nc3 Nf6 4. Bg5 Nbd7 5. a3 c6 6. e4 dxe4 7. Nxe4 Be7 8. Bd3 O-O 9. Ne2 h6 10. Bxf6 Nxf6 11. O-O b6 12. Bc2 Bb7 13. Qd3 Nxe4 14. Qxe4 g6 15. Nf4 Qe8 16. Rae1 Kg7 17. Qe5+ Bf6 18. Qe4 Rb8 19. Nh5+ Kh8 20. Nxf6 Qe7 21. Qe5 Qd8 22. Bxg6 fxg6 23. Nh5+ Rf6 24. Qxf6+ Qxf6 25. Nxf6 1-0

[Event "4NCL Online Division 6"]
[Site "online"]
[Date "2021.04.06"]
[EventDate "2021.04.06"]
[Round "6.161"]
[White "Gardner, Tim"]
[WhiteElo "1637"]
[WhiteTeam "Barnet Knights C"]
[Black "Marshall, W John"]
[BlackElo "1773"]
[BlackTeam "Horsham 2"]
[Result "0-1"]
[PlyCount "106"]

1. e4 e5 2. Nf3 Nc6 3. d4 exd4 4. c3 d3 5. Bxd3 Bc5 6. O-O d6 7. c4 Nf6 8. Nc3 O-O 9. h3 Be6 10. Bg5 h6 11. Bh4 Ne5 12. Nxe5 dxe5 13. Qe2 g5 14. Bg3 Bd4 15. Rac1 c6 16. Rfd1 Qe7 17. b3 Rad8 18. Nb1 Nd7 19. Nd2 f5 20. exf5 Bxf5 21. Bxf5 Rxf5 22. Nf3 Qf6 23. Re1 Rf8 24. Rcd1 c5 25. Qe4 Qc6 26. Qg4 Kh7 27. b4 b6 28. b5 Qg6 29. Qe4 R8f7 30. Re2 h5 31. Nxd4 cxd4 32. Qd5 Qf6 33. f3 g4 34. hxg4 hxg4 35. Qe4 gxf3 36. gxf3 Qg6 37. Rh2+ Kg7 38. Rg2 Rg5 39. Bxe5+ Nxe5 40. Qxg6+ Kxg6 41. Rxg5+ Kxg5 42. Kg2 Nxf3 43. a4 Kf4 44. Rf1 Ke3 45. Ra1 d3 46. a5 d2 47. axb6 axb6 48. c5 bxc5 49. b6 Rb7 50. Ra3+ Ke2 51. Rxf3 d1=Q 52. Rf2+ Ke3 53. Rf6 Rg7+ 0-1

[Event "4NCL Online Division 6"]
[Site "online"]
[Date "2021.04.06"]
[EventDate "2021.04.06"]
[Round "6.162"]
[White "Snook-Lumb, Chris"]
[WhiteElo "1715"]
[WhiteTeam "Horsham 2"]
[Black "Angelopoulos, Nicos"]
[BlackElo "1625"]
[BlackTeam "Barnet Knights C"]
[Result "1-0"]
[PlyCount "55"]

1. d4 c6 2. g3 d5 3. c4 e6 4. Bg2 h6 5. Nf3 Nf6 6. Nc3 dxc4 7. e4 Be7 8. O-O O-O 9. Qc2 Nbd7 10. Bf4 Nh7 11. Rad1 Ng5 12. Rd2 Nxf3+ 13. Bxf3 Nf6 14. Rfd1 Qa5 15. a3 Bd7 16. d5 exd5 17. exd5 Bc5 18. d6 b5 19. a4 Rab8 20. axb5 cxb5 21. Nd5 Nxd5 22. Rxd5 Qb6 23. Be4 a5 24. Rh5 Bg4 25. Rxh6 Bxd1 26. Bh7+ Kh8 27. Bg8+ Kxg8 28. Qh7# 1-0

[Event "4NCL Online Division 6"]
[Site "online"]
[Date "2021.04.06"]
[EventDate "2021.04.06"]
[Round "6.163"]
[White "Grose, Kameron"]
[WhiteElo "1574"]
[WhiteTeam "Barnet Knights C"]
[Black "Barrowclough, Richard"]
[BlackElo "1555"]
[BlackTeam "Horsham 2"]
[Result "1-0"]
[PlyCount "125"]

1. e4 c6 2. d4 d5 3. exd5 cxd5 4. Bd3 Nf6 5. Nf3 Bg4 6. Bf4 e6 7. c3 Bd6 8. Bg3 Nc6 9. Nbd2 O-O 10. O-O Rc8 11. Qc2 Bxg3 12. hxg3 Nb4 13. Qb1 Nxd3 14. Qxd3 Bf5 15. Qe2 h6 16. Rfe1 Nd7 17. Ne5 Nxe5 18. Qxe5 Qc7 19. Qxc7 Rxc7 20. Nf3 Rfc8 21. Nh4 Bh7 22. a4 Kf8 23. f4 Be4 24. Kf2 g5 25. Nf3 Bxf3 26. Kxf3 Kg7 27. Kg4 Kg6 28. Rf1 h5+ 29. Kf3 g4+ 30. Ke3 Kf5 31. Rh1 Rh8 32. Rh4 Kg6 33. a5 Kf5 34. Kd3 Kg6 35. b4 Rcc8 36. b5 Rc4 37. a6 b6 38. Re1 Rhc8 39. Rc1 Rh8 40. Rhh1 Kf5 41. Rce1 Rhc8 42. Rxh5+ Kg6 43. Rg5+ Kf6 44. Rc1 Rh8 45. Rxg4 Rh2 46. Rc2 Rc7 47. Rg8 Kf5 48. Rb8 Kf6 49. Rb7 Re7 50. g4 Rxb7 51. axb7 Rh8 52. Ra2 Rb8 53. Rxa7 Ke7 54. c4 Kd6 55. f5 e5 56. cxd5 Kxd5 57. dxe5 Kxe5 58. Kc4 f6 59. g3 Ke4 60. g5 Kxf5 61. gxf6 Kxf6 62. Kd5 Ke7 63. Kc6 1-0

[Event "4NCL Online Division 6"]
[Site "online"]
[Date "2021.04.06"]
[EventDate "2021.04.06"]
[Round "6.164"]
[White "Trofin, Marian"]
[WhiteElo "1520"]
[WhiteTeam "Horsham 2"]
[Black "Sarkar, Rian"]
[BlackElo "1526"]
[BlackTeam "Barnet Knights C"]
[Result "1/2-1/2"]
[PlyCount "124"]

1. d4 Nf6 2. Nc3 g6 3. e4 d6 4. h3 Bg7 5. Bg5 O-O 6. Bc4 h6 7. Bh4 e5 8. dxe5 dxe5 9. Nf3 Nc6 10. a3 Qe7 11. Nd5 Qc5 12. Nxf6+ Bxf6 13. Bxf6 Qxc4 14. Qd3 Qxd3 15. cxd3 Re8 16. O-O b6 17. Rac1 Bb7 18. b4 Re6 19. Bh4 g5 20. Bg3 Re7 21. Rfe1 f6 22. Nh2 Nd4 23. h4 Rd8 24. hxg5 hxg5 25. Ng4 Kg7 26. Ne3 Kg6 27. Rc3 Nb5 28. Rb3 Red7 29. Rd1 Rh7 30. f3 Rdh8 31. Kf2 Rd7 32. Ng4 Rd6 33. Ke3 Rc6 34. a4 Nd4 35. Rb2 Rc2 36. Nxe5+ fxe5 37. Bxe5 Rh2 38. Bxd4 Rhxg2 39. Rxc2 Rxc2 40. Rb1 Bc6 41. a5 Bd7 42. axb6 axb6 43. Ra1 g4 44. fxg4 Bxg4 45. Kf4 Be6 46. Rg1+ Kf7 47. Rg7+ Kf8 48. Rh7 Bf7 49. Rh6 c5 50. bxc5 bxc5 51. Rc6 c4 52. dxc4 Rxc4 53. Rd6 Ke7 54. Be5 Be6 55. Rd4 Rxd4 56. Bxd4 Bd7 57. Ke5 Be6 58. Bc5+ Kf7 59. Kd6 Bc4 60. e5 Bb3 61. Be3 Be6 62. Bg5 Bb3 1/2-1/2

[Event "4NCL Online Division 6"]
[Site "online"]
[Date "2021.04.20"]
[EventDate "2021.04.20"]
[Round "7.11"]
[White "Gardiner, Harry"]
[WhiteElo "1651"]
[WhiteTeam "Crewe BOL"]
[Black "MacLeod, Alasdair"]
[BlackElo "1818"]
[BlackTeam "Deaf England 1"]
[Result "0-1"]
[PlyCount "46"]

1. d4 Nf6 2. c4 g6 3. Nf3 Bg7 4. Nc3 O-O 5. e4 d6 6. Be2 Nbd7 7. O-O e5 8. Be3 Ng4 9. Qc2 Nxe3 10. fxe3 a5 11. a3 c5 12. dxc5 dxc5 13. Rad1 Qe8 14. Nb5 Rb8 15. Nc7 Qe7 16. Qa4 b6 17. Qc6 h6 18. Rd6 Rd8 19. Nd5 Qe8 20. Nc7 Qe7 21. Rfd1 Bf8 22. h4 Bb7 23. Nd5 Qxd6 0-1

[Event "4NCL Online Division 6"]
[Site "online"]
[Date "2021.04.20"]
[EventDate "2021.04.20"]
[Round "7.12"]
[White "Dwek, Ilan G"]
[WhiteElo "1665"]
[WhiteTeam "Deaf England 1"]
[Black "Price, David P"]
[BlackElo "1555"]
[BlackTeam "Crewe BOL"]
[Result "1/2-1/2"]
[PlyCount "67"]

1. e4 c6 2. d4 d5 3. exd5 cxd5 4. Bd3 Nf6 5. c3 Nc6 6. Bf4 g6 7. Nd2 Bg7 8. Ngf3 Nh5 9. Bg3 Nxg3 10. hxg3 e6 11. Qc2 Bd7 12. O-O-O Qe7 13. Kb1 Na5 14. Rhe1 b5 15. Ne5 Rc8 16. Nxd7 Qxd7 17. Nb3 Nb7 18. Qe2 Nd6 19. f4 O-O 20. Rh1 b4 21. cxb4 Nf5 22. Bxf5 exf5 23. Nc5 Qe8 24. Qf3 Qc6 25. g4 fxg4 26. Qxg4 Rfe8 27. Qh3 h6 28. a3 Re7 29. g4 Rce8 30. f5 Re3 31. Qg2 Re2 32. Qf1 R8e3 33. fxg6 Qxg6+ 34. Qf5 1/2-1/2

[Event "4NCL Online Division 6"]
[Site "online"]
[Date "2021.04.20"]
[EventDate "2021.04.20"]
[Round "7.13"]
[White "Michalek, Lukasz"]
[WhiteElo "1599"]
[WhiteTeam "Crewe BOL"]
[Black "Hunter, Gary"]
[BlackElo "1498"]
[BlackTeam "Deaf England 1"]
[Result "1-0"]
[PlyCount "101"]

1. e4 c5 2. Nf3 e6 3. d4 cxd4 4. Nxd4 Nc6 5. Nc3 Nf6 6. Be2 Bb4 7. Nxc6 bxc6 8. Qd4 c5 9. Qe3 d5 10. exd5 Nxd5 11. Qe5 O-O 12. O-O Bxc3 13. bxc3 Qf6 14. Qxf6 Nxf6 15. Ba3 Nd7 16. Rab1 a6 17. Bf3 Ra7 18. Rfd1 Ne5 19. Bxc5 Nxf3+ 20. gxf3 Rc7 21. Bxf8 Kxf8 22. Rb8 Ke7 23. Rd3 Bd7 24. Rh8 h6 25. Rg8 Kf6 26. Rb8 Bb5 27. Re3 Rd7 28. Rc8 Rd1+ 29. Kg2 Rd2 30. c4 Ba4 31. Ra3 Bxc2 32. Rxa6 Rd1 33. a4 Bd3 34. Ra7 Bf1+ 35. Kg3 Rd3 36. Rcc7 Rc3 37. Rxf7+ Ke5 38. Ra5+ Kd6 39. c5+ Kd5 40. Rd7+ Kc4 41. c6 Kb4 42. Raa7 Rxc6 43. Rxg7 Be2 44. Rgb7+ Ka3 45. a5 Rc3 46. Rf7 Ka4 47. a6 Ka5 48. Rac7 Ra3 49. a7 Kb6 50. Rb7+ Kc6 51. Rb8 1-0

[Event "4NCL Online Division 6"]
[Site "online"]
[Date "2021.04.20"]
[EventDate "2021.04.20"]
[Round "7.14"]
[White "Mullins, Steven A"]
[WhiteElo "1300"]
[WhiteTeam "Deaf England 1"]
[Black "Nienaber, Kobus"]
[BlackElo "1472"]
[BlackTeam "Crewe BOL"]
[Result "0-1"]
[PlyCount "96"]

1. c4 Nc6 2. Nc3 Ne5 3. e4 Nf6 4. f4 Neg4 5. h3 Nh6 6. d3 d6 7. Nf3 c5 8. Be2 g6 9. Be3 Nh5 10. O-O Ng3 11. Rf2 Bg7 12. Qc2 Nxe2+ 13. Rxe2 O-O 14. Rd1 Bxc3 15. Qxc3 f6 16. f5 Kg7 17. Bxh6+ Kxh6 18. Qd2+ Kg7 19. fxg6 hxg6 20. Nh4 Rh8 21. Qf4 g5 22. Nf5+ Bxf5 23. Qxf5 Qc8 24. Qxc8 Raxc8 25. Kh2 g4 26. Re3 gxh3 27. Rg3+ Kf7 28. gxh3 a6 29. Rdg1 b5 30. b3 bxc4 31. bxc4 Rb8 32. R1g2 Ke6 33. Rg4 Rb1 34. Rd2 a5 35. Kg3 a4 36. Kh2 a3 37. Rgg2 Ke5 38. Kg3 Rg8+ 39. Kf3 Rxg2 40. Rxg2 Rh1 41. Kg3 Kd4 42. h4 Kxd3 43. Rh2 Rxh2 44. Kxh2 Kxe4 45. Kg3 Kf5 46. Kh3 e5 47. Kg3 Kg6 48. Kg4 f5+ 0-1

[Event "4NCL Online Division 6"]
[Site "online"]
[Date "2021.04.20"]
[EventDate "2021.04.20"]
[Round "7.21"]
[White "Doubleday, Peter"]
[WhiteElo "1420"]
[WhiteTeam "Cornish Wreckers"]
[Black "Wood, Paul E"]
[BlackElo "1588"]
[BlackTeam "Plymouth 2"]
[Result "0-1"]
[PlyCount "64"]

1. e4 c6 2. d4 d5 3. exd5 cxd5 4. c4 Nf6 5. c5 Nc6 6. h3 Bf5 7. Nf3 h6 8. a3 e6 9. Be2 g5 10. Bd3 Ne4 11. Be3 Bg7 12. Nbd2 Qf6 13. Qa4 O-O 14. Rd1 Nxc5 15. dxc5 Bxd3 16. b4 a6 17. Qb3 Qc3 18. g4 d4 19. Qxc3 dxc3 20. Nf1 Rad8 21. Bc1 c2 22. Rxd3 Rxd3 23. Ne3 Rfd8 24. Ke2 Rb3 25. Nxc2 Rb1 26. Nd2 Rxd2+ 27. Kxd2 Be5 28. Rd1 a5 29. b5 Rxb5 30. Ke2 Rxc5 31. Ne3 b5 32. Rd7 Rxc1 0-1

[Event "4NCL Online Division 6"]
[Site "online"]
[Date "2021.04.20"]
[EventDate "2021.04.20"]
[Round "7.22"]
[White "Caleshu, Caleb"]
[WhiteElo "1505"]
[WhiteTeam "Plymouth 2"]
[Black "Renshaw, Ian"]
[BlackElo "1478"]
[BlackTeam "Cornish Wreckers"]
[Result "1-0"]
[PlyCount "85"]

1. e4 e5 2. Nf3 Nc6 3. Bc4 Bc5 4. c3 Nf6 5. d4 exd4 6. e5 Qe7 7. cxd4 Bb4+ 8. Bd2 d5 9. Bb5 Bxd2+ 10. Nbxd2 O-O 11. O-O Ng4 12. h3 Nh6 13. Rc1 Nd8 14. Bd3 c6 15. Re1 Bf5 16. Qc2 Bxd3 17. Qxd3 f6 18. a3 Ne6 19. g3 f5 20. Kg2 Rac8 21. b4 Ng5 22. Nxg5 Qxg5 23. Nf3 Qe7 24. b5 Rc7 25. Rc2 g5 26. Rec1 g4 27. Ng1 gxh3+ 28. Nxh3 Rfc8 29. bxc6 bxc6 30. Qa6 Kg7 31. Nf4 Nf7 32. Qa5 Nd8 33. Nxd5 Qd7 34. Nxc7 Rxc7 35. d5 Nb7 36. dxc6 Nxa5 37. cxd7 Rxd7 38. Rc7 Rxc7 39. Rxc7+ Kf8 40. Rxa7 Nc6 41. Rxh7 Nxe5 42. a4 Kg8 43. Rh5 1-0

[Event "4NCL Online Division 6"]
[Site "online"]
[Date "2021.04.20"]
[EventDate "2021.04.20"]
[Round "7.23"]
[White "Evdokimova, Maria"]
[WhiteElo "1369"]
[WhiteTeam "Cornish Wreckers"]
[Black "Peach, Clifford B"]
[BlackElo "1448"]
[BlackTeam "Plymouth 2"]
[Result "1-0"]
[PlyCount "105"]

1. e4 c6 2. d4 d5 3. e5 Bf5 4. Bd3 Bxd3 5. Qxd3 e6 6. f4 Ne7 7. Nf3 h6 8. O-O Nd7 9. Nc3 c5 10. Qe2 cxd4 11. Nxd4 Qb6 12. Be3 Qa6 13. Ndb5 Kd8 14. Nd6 Qxe2 15. Nxe2 Rg8 16. Nxf7+ Kc7 17. Nd4 Nf5 18. Nb5+ Kc6 19. Nxa7+ Rxa7 20. Bxa7 b6 21. Nd8+ Kc7 22. Nxe6+ Kb7 23. Bxb6 Kxb6 24. Kh1 Nc5 25. Nxf8 Rxf8 26. Rfe1 Ne6 27. g3 Nfd4 28. Rac1 Rc8 29. c3 Nf5 30. b4 Ra8 31. Ra1 Kb5 32. Re2 Kc4 33. Rc1 Kd3 34. Rb2 Ne3 35. b5 Nc4 36. Rf2 Rb8 37. a4 Nb6 38. a5 Nd7 39. b6 Ndc5 40. Rb2 Kc4 41. Rb4+ Kd3 42. f5 Kd2 43. Rcb1 Ng5 44. e6 Kxc3 45. Rb5 Kd4 46. e7 Nb7 47. Rd1+ Ke5 48. Rdxd5+ Kf6 49. a6 Kxe7 50. axb7 Rxb7 51. Rdc5 Kf8 52. Rc7 Rb8 53. b7 1-0

[Event "4NCL Online Division 6"]
[Site "online"]
[Date "2021.04.20"]
[EventDate "2021.04.20"]
[Round "7.24"]
[White "Wright, Andrew D"]
[WhiteElo "1485"]
[WhiteTeam "Plymouth 2"]
[Black "Brown, Hugh"]
[BlackElo "1269"]
[BlackTeam "Cornish Wreckers"]
[Result "1-0"]
[PlyCount "63"]

1. c4 Nf6 2. g3 g6 3. Bg2 Bg7 4. Nc3 O-O 5. d4 e6 6. Bg5 Qe8 7. e3 h6 8. Bxf6 Bxf6 9. Nge2 Qe7 10. Qc2 c6 11. O-O-O d5 12. h4 dxc4 13. h5 g5 14. f4 g4 15. Ne4 Nd7 16. Qxc4 Nb6 17. Qc2 Nd5 18. Nxf6+ Nxf6 19. e4 Bd7 20. Nc3 Rac8 21. Rhe1 Nxh5 22. f5 Nxg3 23. Qf2 Nh5 24. Rh1 Qg5+ 25. Kb1 g3 26. Qf3 Nf6 27. Rh3 Kh7 28. Rxg3 Qh5 29. Qd3 Rg8 30. Rh1 Rxg3 31. Qxg3 Qg5 32. Qxg5 1-0

[Event "4NCL Online Division 6"]
[Site "online"]
[Date "2021.04.20"]
[EventDate "2021.04.20"]
[Round "7.31"]
[White "Acharya, Kandara"]
[WhiteElo "1654"]
[WhiteTeam "Ashton 1"]
[Black "Morris, Simon P"]
[BlackElo "1916"]
[BlackTeam "Hertford 2"]
[Result "0-1"]
[PlyCount "98"]

1. e4 d5 2. exd5 Nf6 3. Nc3 Nxd5 4. d4 e6 5. Nf3 Bb4 6. Bd2 Nc6 7. Bb5 Bd7 8. O-O Bxc3 9. bxc3 a6 10. Bd3 h6 11. c4 Nb6 12. c5 Nd5 13. c4 Nf6 14. Bc3 a5 15. Bc2 O-O 16. Rb1 Nb4 17. Bxb4 axb4 18. Rxb4 Rxa2 19. Rxb7 Bc6 20. Rb3 Qa8 21. Re1 Ba4 22. Rc3 Qa5 23. Ree3 Ne4 24. Rxe4 Qxc3 25. Bxa4 Ra1 26. d5 Rxd1+ 27. Bxd1 exd5 28. cxd5 Qxc5 29. Rd4 Re8 30. Kf1 Qb5+ 31. Kg1 Rd8 32. h4 Rxd5 33. Rxd5 Qxd5 34. Bc2 c5 35. Kh2 c4 36. Kg3 Qd6+ 37. Kg4 c3 38. h5 Kf8 39. Kf5 Ke7 40. Ke4 g5 41. Nd4 Qf4+ 42. Kd3 Qxf2 43. Kxc3 Qxg2 44. Nf5+ Kf6 45. Nxh6 Qh3+ 46. Kd4 Qxh5 47. Nf5 Qg4+ 48. Ke3 Qxf5 49. Bxf5 Kxf5 0-1

[Event "4NCL Online Division 6"]
[Site "online"]
[Date "2021.04.20"]
[EventDate "2021.04.20"]
[Round "7.32"]
[White "Buswell, A Mark"]
[WhiteElo "1783"]
[WhiteTeam "Hertford 2"]
[Black "McBeath, Joel"]
[BlackElo "1638"]
[BlackTeam "Ashton 1"]
[Result "0-1"]
[PlyCount "152"]

1. e4 e5 2. Nf3 Nc6 3. Bc4 Nf6 4. d3 Bc5 5. c3 d6 6. Bb3 a5 7. Nbd2 O-O 8. Nf1 Ng4 9. d4 exd4 10. h3 Nf6 11. cxd4 Bb4+ 12. N1d2 Nxe4 13. O-O Nxd2 14. Bxd2 Bxd2 15. Qxd2 Qf6 16. Rfd1 Bxh3 17. d5 Ne7 18. Re1 Bf5 19. Ba4 c6 20. dxc6 bxc6 21. Rad1 Rfd8 22. Qe2 Ng6 23. Bxc6 Rac8 24. Ba4 Bg4 25. Qe4 Bxf3 26. Qxf3 Qxf3 27. gxf3 d5 28. Rd4 Rd6 29. Bb3 Rcd8 30. a3 f6 31. Ba2 Kf7 32. Red1 Ne7 33. b4 axb4 34. axb4 Rb8 35. Kg2 Rdb6 36. Bxd5+ Nxd5 37. Rxd5 Rxb4 38. Rd7+ Kg8 39. Rc7 R4b7 40. Rc4 h5 41. Rc5 g6 42. Rd6 Kg7 43. Rcc6 Rf7 44. Ra6 Rb4 45. Rd8 g5 46. Raa8 Kg6 47. Rg8+ Kf5 48. Rge8 Rf4 49. Ra5+ Kg6 50. Rg8+ Rg7 51. Rc8 h4 52. Rc3 Rd7 53. Ra2 Rd5 54. Rb2 Rfd4 55. Rc6 Rd6 56. Rc7 Kf5 57. Re7 Kf4 58. Rb5 R6d5 59. Rb6 f5 60. Rb3 Rd3 61. Rb4+ R5d4 62. Rb5 Rxf3 63. Rxf5+ Kxf5 64. Rf7+ Ke4 65. Rxf3 g4 66. Rf8 Kd3 67. Rh8 h3+ 68. Kg3 Ke2 69. Rf8 Kf1 70. Ra8 Rd3+ 71. f3 gxf3 72. Kxh3 f2+ 73. Kh2 Ke2 74. Re8+ Re3 75. Rxe3+ Kxe3 76. Kg2 Ke2 0-1

[Event "4NCL Online Division 6"]
[Site "online"]
[Date "2021.04.20"]
[EventDate "2021.04.20"]
[Round "7.33"]
[White "Supatan, Denzel"]
[WhiteElo "1632"]
[WhiteTeam "Ashton 1"]
[Black "Du Boulay, Andrew"]
[BlackElo "1761"]
[BlackTeam "Hertford 2"]
[Result "0-1"]
[PlyCount "92"]

1. e4 c6 2. d4 d5 3. e5 Bf5 4. Nf3 e6 5. Bd3 Bg6 6. O-O Nd7 7. Be3 Ne7 8. b3 c5 9. Bb5 Nc6 10. dxc5 Nxc5 11. Nd4 Qc7 12. Nxc6 bxc6 13. Bxc5 Bxc5 14. Bd3 Qxe5 15. Nd2 Bxd3 16. cxd3 Qc7 17. Rc1 Bd6 18. Nf3 O-O 19. Re1 Qb6 20. d4 c5 21. dxc5 Bxc5 22. Qe2 Bd6 23. Ne5 Bxe5 24. Qxe5 Rac8 25. Rc3 Rxc3 26. Qxc3 d4 27. Qd3 Qc5 28. Re4 Qc1+ 29. Qf1 Qxf1+ 30. Kxf1 Rd8 31. Ke2 Rd5 32. Kd3 e5 33. Kc4 Ra5 34. a4 f6 35. f4 Kf7 36. Kb4 Rd5 37. Kc4 d3 38. Kxd5 d2 39. fxe5 d1=Q+ 40. Rd4 Qxb3+ 41. Ke4 Qc2+ 42. Rd3 Qxa4+ 43. Rd4 Qc2+ 44. Ke3 fxe5 45. Rd7+ Kf6 46. Rxa7 Qc5+ 0-1

[Event "4NCL Online Division 6"]
[Site "online"]
[Date "2021.04.20"]
[EventDate "2021.04.20"]
[Round "7.34"]
[White "Rudd, David R"]
[WhiteElo "1693"]
[WhiteTeam "Hertford 2"]
[Black "Platts, Philip S"]
[BlackElo "1598"]
[BlackTeam "Ashton 1"]
[Result "1/2-1/2"]
[PlyCount "69"]

1. b4 d5 2. Bb2 Nf6 3. e3 Bf5 4. b5 e6 5. Nf3 Bd6 6. c4 dxc4 7. Bxc4 Nbd7 8. O-O O-O 9. d4 Ne4 10. Nbd2 Ndf6 11. Nxe4 Nxe4 12. a4 Bg4 13. Be2 Ng5 14. Nxg5 Bxe2 15. Qxe2 Qxg5 16. Ba3 Qe7 17. Bxd6 cxd6 18. Rfc1 Rfc8 19. Qb2 Qd7 20. Rxc8+ Rxc8 21. Rc1 Rc7 22. g3 Qc8 23. Rxc7 Qxc7 24. Qb4 b6 25. Kg2 g6 26. Qb3 d5 27. Kf3 Kg7 28. h4 h5 29. Ke2 Qc1 30. Qd1 Qc4+ 31. Kf3 e5 32. Kg2 e4 33. Qa1 Kf6 34. Qa3 Qc7 35. Qf8 1/2-1/2

[Event "4NCL Online Division 6"]
[Site "online"]
[Date "2021.04.20"]
[EventDate "2021.04.20"]
[Round "7.41"]
[White "Cooney, Thomas"]
[WhiteElo "1568"]
[WhiteTeam "St Benildus D"]
[Black "Shen, Alex"]
[BlackElo "1676"]
[BlackTeam "MCS Oxford B"]
[Result "1-0"]
[PlyCount "63"]

1. e4 c5 2. Nc3 e6 3. f4 Nc6 4. Nf3 d5 5. e5 a6 6. g3 b5 7. Bg2 Bb7 8. Ne2 Nge7 9. O-O Qb6 10. Kh1 Ng6 11. c3 Be7 12. d4 O-O 13. Qe1 Rac8 14. g4 cxd4 15. cxd4 Bb4 16. Bd2 Bxd2 17. Qxd2 Nge7 18. Nh4 Na5 19. f5 Nc4 20. Qf4 f6 21. Qg3 fxe5 22. dxe5 Ne3 23. Rf4 Nxg2 24. Nxg2 exf5 25. Nd4 fxg4 26. Rxg4 Ng6 27. Nh4 Rf7 28. Rd1 Nxh4 29. Qxh4 Rc4 30. e6 Rf6 31. Qxf6 Rc7 32. Qd8# 1-0

[Event "4NCL Online Division 6"]
[Site "online"]
[Date "2021.04.20"]
[EventDate "2021.04.20"]
[Round "7.42"]
[White "Turner, Ben"]
[WhiteElo "1591"]
[WhiteTeam "MCS Oxford B"]
[Black "Brady, Fearghal"]
[BlackElo "1499"]
[BlackTeam "St Benildus D"]
[Result "0-1"]
[PlyCount "42"]

1. d4 Nf6 2. c4 g6 3. Nc3 Bg7 4. Nf3 O-O 5. Bf4 d6 6. e3 Nbd7 7. Be2 c6 8. O-O Qa5 9. Qb3 e5 10. dxe5 dxe5 11. Bg3 Nh5 12. Rad1 Nxg3 13. fxg3 Nc5 14. Qc2 Bf5 15. e4 Bg4 16. a3 Ne6 17. Qb3 Bxf3 18. gxf3 Nd4 19. Qxb7 Rab8 20. Qe7 Rxb2 21. Rfe1 Qxc3 0-1

[Event "4NCL Online Division 6"]
[Site "online"]
[Date "2021.04.20"]
[EventDate "2021.04.20"]
[Round "7.43"]
[White "Lievens, Karel"]
[WhiteElo "1512"]
[WhiteTeam "St Benildus D"]
[Black "Li, Reya"]
[BlackElo "1462"]
[BlackTeam "MCS Oxford B"]
[Result "0-1"]
[PlyCount "148"]

1. e4 d5 2. exd5 Qxd5 3. Nc3 Qa5 4. Nf3 Nf6 5. d4 c6 6. Bc4 Bg4 7. O-O e6 8. Re1 Bd6 9. Bd2 Qc7 10. h3 Bh5 11. Ne4 Nbd7 12. Nxd6+ Qxd6 13. c3 O-O 14. Bg5 h6 15. Bh4 b5 16. Bg3 Qe7 17. Be2 a6 18. Ne5 Bxe2 19. Nxc6 Qe8 20. Qxe2 Nb6 21. Nb4 Qd7 22. Nd3 Nbd5 23. Ne5 Qb7 24. Qd2 Rac8 25. Nd3 Nb6 26. Nc5 Qc6 27. Qd3 Nbd5 28. Qd2 Rfd8 29. a4 Nb6 30. axb5 axb5 31. Qd3 Nc4 32. Qc2 Ra8 33. b3 Nb6 34. Ra2 Nbd5 35. b4 Rxa2 36. Qxa2 Nxc3 37. Qb3 Ncd5 38. Ra1 Nd7 39. Ra6 Nxc5 40. Rxc6 Nxb3 41. Be5 Nxb4 42. Rb6 Rd5 43. f3 Nd3 44. f4 Nxe5 45. dxe5 Nd4 46. Kf2 Rc5 47. Ke3 Nf5+ 48. Kd3 Ne7 49. Rb8+ Kh7 50. Rb7 Nd5 51. Rxf7 b4 52. Rb7 Nxf4+ 53. Kd4 Rd5+ 54. Ke4 Nd3 55. Rb6 b3 56. Ke3 b2 57. g4 Nxe5 58. Ke4 Nc4 59. Rb4 Nd2+ 60. Ke3 b1=Q 61. Rxb1 Nxb1 62. Ke4 Nc3+ 63. Ke3 e5 64. g5 hxg5 65. Kf3 Rd3+ 66. Kf2 Rxh3 67. Kg2 g4 68. Kf2 e4 69. Kg2 Rf3 70. Kg1 e3 71. Kg2 e2 72. Kh2 e1=Q 73. Kg2 Qf2+ 74. Kh1 Rh3# 0-1

[Event "4NCL Online Division 6"]
[Site "online"]
[Date "2021.04.20"]
[EventDate "2021.04.20"]
[Round "7.44"]
[White "Li, Evan"]
[WhiteElo "1433"]
[WhiteTeam "MCS Oxford B"]
[Black "Kashanin, Daniil"]
[BlackElo "1384"]
[BlackTeam "St Benildus D"]
[Result "1-0"]
[PlyCount "73"]

1. e4 c5 2. Nf3 d6 3. c3 Nf6 4. Be2 Bd7 5. d3 g6 6. Bg5 Bg7 7. O-O O-O 8. Nbd2 Nc6 9. Re1 Rc8 10. d4 cxd4 11. cxd4 h6 12. Bh4 Qb6 13. d5 Nd4 14. b3 Nxf3+ 15. Bxf3 g5 16. Bg3 Nxe4 17. Bxe4 Bxa1 18. Qxa1 f5 19. Nc4 Qc7 20. Bf3 f4 21. Rxe7 Rf7 22. Rxf7 Kxf7 23. Bh5+ Kg8 24. Qf6 Be8 25. Qe6+ Bf7 26. Bxf7+ Qxf7 27. Qxc8+ Kg7 28. Nxd6 Qxd5 29. Qd7+ Kf6 30. Ne8+ Ke5 31. Qxd5+ Kxd5 32. Bxf4 gxf4 33. Kf1 Ke4 34. Ke2 Kd4 35. Kd2 b5 36. Nc7 b4 37. Na6 1-0

[Event "4NCL Online Division 6"]
[Site "online"]
[Date "2021.04.20"]
[EventDate "2021.04.20"]
[Round "7.51"]
[White "Spurr, Michael"]
[WhiteElo "1860"]
[WhiteTeam "Redbridge All Sorts 2"]
[Black "Newton, Ben"]
[BlackElo "1664"]
[BlackTeam "Ashton 2"]
[Result "1-0"]
[PlyCount "105"]

1. d4 e6 2. Nc3 d5 3. Bf4 Nf6 4. e3 Bd6 5. Bd3 O-O 6. Nf3 a6 7. O-O Re8 8. Re1 c5 9. dxc5 Bxc5 10. Rb1 Nc6 11. e4 d4 12. Na4 Ba7 13. b3 e5 14. Bg5 Bg4 15. Nb2 b5 16. a4 Rb8 17. Qe2 Qd6 18. axb5 axb5 19. Ra1 Bc5 20. Bxf6 Qxf6 21. Bxb5 Bxf3 22. gxf3 Rec8 23. Ra6 Rb6 24. Rea1 Qg5+ 25. Kh1 d3 26. Bxd3 Rxa6 27. Rxa6 Nd4 28. Qe3 Qxe3 29. fxe3 Nxf3 30. Kg2 Ne1+ 31. Kf2 Nxd3+ 32. Nxd3 f6 33. c4 Be7 34. Ra5 Kf7 35. c5 Kg6 36. b4 Bd8 37. Ra6 Kg5 38. b5 Be7 39. c6 Bd6 40. Ra7 Kg6 41. Rd7 Bf8 42. c7 Ba3 43. b6 f5 44. exf5+ Kxf5 45. b7 Rf8 46. c8=Q Ke6+ 47. Qxf8 Bxf8 48. b8=Q Bc5 49. Qe8+ Kf5 50. Qxe5+ Kg4 51. Rxg7+ Kh4 52. Qg5+ Kh3 53. Qg3# 1-0

[Event "4NCL Online Division 6"]
[Site "online"]
[Date "2021.04.20"]
[EventDate "2021.04.20"]
[Round "7.52"]
[White "Mundy, Jack"]
[WhiteElo "1496"]
[WhiteTeam "Ashton 2"]
[Black "Sheard, Jack"]
[BlackElo "1856"]
[BlackTeam "Redbridge All Sorts 2"]
[Result "1-0"]
[PlyCount "75"]

1. e4 Nf6 2. e5 Nd5 3. d4 d6 4. f4 dxe5 5. fxe5 c5 6. c3 Nc6 7. Bb5 cxd4 8. cxd4 Qa5+ 9. Nc3 Nxc3 10. Bxc6+ bxc6 11. bxc3 Qxc3+ 12. Bd2 Qxd4 13. Nf3 Qe4+ 14. Kf2 e6 15. Be3 Bb4 16. a3 Ba5 17. Qd6 Qd5 18. Rhd1 Qxd6 19. exd6 Kd7 20. Ne5+ Ke8 21. d7+ Bxd7 22. Nxd7 Rd8 23. Ne5 Rc8 24. Nc4 Bc7 25. Bc5 h5 26. Rab1 Rh6 27. Bd6 Rf6+ 28. Ke3 Rg6 29. Rb7 Bd8 30. Bg3 Be7 31. Rdd7 Bc5+ 32. Ke2 Rg5 33. Nd6+ Bxd6 34. Bxd6 Rd5 35. Re7+ Kf8 36. Rec7+ Rxd6 37. Rxc8+ Rd8 38. Rxd8# 1-0

[Event "4NCL Online Division 6"]
[Site "online"]
[Date "2021.04.20"]
[EventDate "2021.04.20"]
[Round "7.53"]
[White "Nickals, Peter A"]
[WhiteElo "1606"]
[WhiteTeam "Redbridge All Sorts 2"]
[Black "Shaughnessy, Phillip"]
[BlackElo "1484"]
[BlackTeam "Ashton 2"]
[Result "1-0"]
[PlyCount "103"]

1. Nf3 d5 2. g3 Nf6 3. Bg2 e6 4. d3 Nbd7 5. Nbd2 c6 6. c4 Bd6 7. cxd5 cxd5 8. O-O O-O 9. Nb3 b6 10. Bg5 Bb7 11. Rc1 h6 12. Bxf6 Nxf6 13. Nh4 g5 14. Nf3 g4 15. Nfd4 e5 16. Nf5 Kh7 17. Qd2 Ng8 18. Rc2 Qf6 19. e4 dxe4 20. dxe4 Rad8 21. Qe2 h5 22. f3 Nh6 23. Nxh6 Qxh6 24. fxg4 hxg4 25. Qxg4 Ba6 26. Rfc1 Bd3 27. Qf5+ Kh8 28. Rc3 Bb4 29. Rc7 Bc5+ 30. Kh1 a5 31. Qxe5+ f6 32. Qc3 Bb4 33. Qc6 a4 34. Qxa4 Bc5 35. Qc6 Qe3 36. Qb7 Qh6 37. Bf1 Bxf1 38. Rxf1 Bd6 39. Rc3 Rg8 40. Kg2 Rg7 41. Qxb6 Rdd7 42. Rcf3 Rh7 43. h4 Rhg7 44. Kh3 Qh5 45. Qf2 Qg4+ 46. Kg2 Qxh4 47. Rh1 Rxg3+ 48. Rxg3 Bxg3 49. Qxg3 Rd2+ 50. Nxd2 Qxh1+ 51. Kxh1 f5 52. exf5 1-0